000
00212 a2200097 4500
001
14678
100
_a
Muhammad Idrees
245
_a
Mukhuz Husnna
260
_a
Lahore
_b
Maktaba Usmaniya
_c
090
_c
11464
_d
11464
942
_a
NUST-CAE
_c
M
_c
1630
999
_c
249751
_d
249751